000 01386nas a2200301 i 4500
001 1120
003 ES-MaACL
005 20250925162402.0
008 950801b19421968sp wr p| 0 1 |spa d
022 _a0425-2764
080 _a07
080 _a(051)
245 0 3 _aEl Español
_b: semanario de la política y del espíritu.
246 3 _iSubtít. posterior
_b: semanario de los españoles para todos los españoles
260 _aMadrid :
_b[Delegación Nacional de Prensa],
_c1942-1968.
300 _a21 v. :
_bil. ;
_c60 cm.
310 _aSemanal
362 0 _aAño 1, n. 1 (extraord.) (31 oct. 1942) - nueva etapa, año 3, n. 87 (15 jun. 1968)
515 _aLa publicación tiene una 1ª época: n. 1 (31 oct. 1942)-n. 236 (mayo 1947); una 2ª época: n. 237 (jun. 1953)-n. 714 (5/10 ag. 1962); una nueva época: n. 1 (20 oct. 1962)-n. 181 (2 abril 1966); y una nueva etapa: n. 1 (oct. 1966)-n. 87 (15 jun. 1968)
555 _ade los n. 1-52 (1942-1943), 1 v.; n. 53-104 (1943-1944), 1 v.
650 1 4 _aPeriódicos
_915941
700 1 _aAparicio, Juan,
_d1906-
_922051
710 2 _aMovimiento Nacional (España).
_bDelegación Nacional de Prensa, Propaganda y Radio.
_95783
852 _aES-MaACL
_jHEM-GF-20
_dOlim: Hem-1644
866 0 _o1942-46(1947),1963-64(1965f.n.160)1966.(1967-68)
942 _2udc
_cPERIODICO
999 _c1120
_d1120